All Incorporated Municipalities of Westchester County, New York - Statistics

General Stats
  • This quiz has been taken 59 times
  • The average score is 35 of 48
Answer Stats
Answer % Correct
Yonkers
100%
Mount Vernon
97%
New Rochelle
94%
White Plains
94%
Rye
88%
Rye
88%
Tarrytown
88%
Mamaroneck
84%
Mamaroneck
84%
Peekskill
84%
Eastchester
81%
Ossining
81%
Ossining
81%
Pelham
78%
Pelham
78%
Scarsdale
78%
Scarsdale
78%
Sleepy Hollow
78%
Bronxville
75%
Dobbs Ferry
75%
Irvington
75%
Mount Pleasant
75%
Port Chester
75%
Larchmont
72%
Mount Kisco
72%
Mount Kisco
72%
Pleasantville
72%
Somers
72%
Yorktown
72%
Bedford
69%
Harrison
69%
Harrison
69%
Cortlandt
66%
Greenburgh
66%
Ardsley
63%
North Salem
63%
Croton-on-Hudson
59%
North Castle
59%
Pound Ridge
59%
Briarcliff Manor
56%
Hastings-on-Hudson
56%
Rye Brook
56%
Elmsford
53%
Lewisboro
53%
New Castle
53%
Tuckahoe
53%
Pelham Manor
50%
Buchanan
41%
No matching quizzes found
Score Distribution
Percent of People with Each Score
Percentile by Number Answered
Your Score History
You have not taken this quiz